Antecedentes y actualidad del pleito vinagre-ácido acético en España
Descripción Física:
12 p. ; 22 cm
MARC
| LEADER | 00000nam a2200000Ia 4500 | ||
|---|---|---|---|
| 001 | 22130 | ||
| 008 | 160829s1928 xx 000 0 cat d | ||
| 080 | |a RF-15-74 | ||
| 245 | |a Antecedentes y actualidad del pleito vinagre-ácido acético en España | ||
| 260 | |a Barcelona : |b Talleres Gráficos Britania, |c 1928 | ||
| 300 | |a 12 p. ; |c 22 cm | ||
| 590 | |a Prové de 3575, exp. 4 | ||
| 650 | |a Àcid acètic |x Processos, litigis, etc. |9 47109 | ||
| 650 | |a Vinagre |x Processos, litigis, etc. |9 47110 | ||
| 856 | 4 | |u https://media.diba.cat/diba/fitxers/arxiu/fulletons/bib_22130_1928_baixa.pdf |y Accés lliure | |
| 856 | 4 | |u https://media.diba.cat/diba/fitxers/arxiu/fulletons/bib_22130_1928_baixa.pdf |y Accés lliure | |
| 901 | |a Arxiu | ||
| 942 | |n 1 |2 udc | ||
| 952 | |0 0 |1 0 |4 0 |6 RF1574 |7 1 |9 53670 |a Arxiu |b Arxiu |d 2016-12-01 |l 0 |o RF-15-74 |p 22130 |r 2016-12-01 00:00:00 |w 2016-12-01 |y ARXIU | ||
| 999 | |c 57536 |d 57536 | ||
| 900 | |a bib_22130_1928_baixa.pdf | ||